00945nac a22002291u 4500010001600000020002700016082002100043090001500064100003400079245007600113250001200189260005500201300003600256440006100292504005100353650002000404700002200424942002300446999001500469952012300484952010800607 a 99016963 a0130255386 (casebound)00a621.38152bS9154 c4425d4425 aStreetman, Ben G. 10aSolid state electronic devices /cBen G. Streetman and Sanjay Banerjee. a5th ed. aUpper Saddle River, N.J. :bPrentice Hall,cc2000. axviii, 558 p. :bill. ;c25 cm. 0aPrentice Hall series in solid state physical electronics aIncludes bibliographical references and index. 0aSemiconductors.1 aBanerjee, Sanjay. cBBk621.38152S9154 c4425d4425 00104070aMAINbMAINc1STd2006-09-07ePurchasel2m9o621.38152 STRp000005361r2025-07-15 00:00:00s2010-03-22yBB 00104070aMAINbMAINc1STd2010-09-07ePurchasel0o621.38152 STRp000005305r2025-07-15 00:00:00yBB